Responses for show #4400 - Friday, October 24, 2003

Contestants

[<< previous game]

Randy Childs, a high school teacher from Los Angeles, California

Mary Curtis, an editor and columnist from Charlotte, North Carolina

Mike Garabedian, a graduate student from Whittier, California (whose 1-day cash winnings total $16,401)

[next game >>]

Jeopardy! Round responses

HISTORIC GROUPS
IT'S TIME FOR SPORTS
COLORFUL WORDS & PHRASES
WOMEN'S HEALTH
PLACES TO GO
THINGS TO "C"
    $200 6
the Young Turks

Mike
    $200 16
tennis

Mike
    $200 1
red-eye

Mike
    $200 22
cardiovascular disease

Randy
    $200 17
wax figures

Mike
    $200 11
Jimmy Carter

Randy
    $400 7
the Rough Riders

Mike
    $400 27
the Big East

Randy
    $400 2
a green card

Mike
    $400 23
varicose veins

Mike
    $400 18
the Empire State Building

Mike
    $400 12
a cougar

Mike
    $600 8
the Maccabees

Triple Stumper
    $600 28
LeBron James

Mary
    $600 3
Yellowstone

Mike
    $600 24
fat

Randy
    $600 19
Boston

Randy
    $600 13
count

Mike
    $800 9
the Donner Party

Mike
    $800 29
Ben Curtis

Mike
    $800 4
The White Album

Randy
    $3,000 25
morning sickness

Randy
    $800 20
Chang & Eng (Bunker)

Randy
    $800 14
contraception

Randy
    $1000 10
the Molly Maguires

Randy
    $1000 30
Funny Cide

Mary
    $1000 5
purple

Mike
    $1000 26
osteoarthritis

Randy
    $1000 21
Hadrian's Wall

Mike
    $1000 15
(Mike: Who is Chaucer?)

William Caxton

Mike
Triple Stumper

Scores at the first commercial break (after clue 15):

Mike Mary Randy
$3,600 $0 $2,800

Scores at the end of the Jeopardy! Round:

Mike Mary Randy
$6,600 $1,600 $9,400

Double Jeopardy! Round responses

MECCA
DOG, CAT OR FISH
ITALIAN ART
4-SYLLABLE WORDS
FAMOUS AMANDAS
SCOTT
    $400 26
Saudi Arabia

Mike
    $400 18
Fish

Randy
    $400 1
Michelangelo

Randy
    $400 13
generation

Mike
    $400 6
Married...With Children

Mary
    $400 11
Falcon

Triple Stumper
    $800 27
Mohammed

Mike
    $800 19
Cat (Stevens)

Randy
    $800 2
Leonardo DaVinci

Mike
    $800 14
(Randy: [No response])

malnutrition

MikeRandy
    $800 7
(Randy: What is Asia?)

Boston

Randy
Triple Stumper
    $800 12
Rodin

Mike
    $1200 28
5

Mike
    $1200 20
a dog

Randy
    $3,600 3
(Mike: What is a...)

Mannerism

Mike
    $1200 15
reconnaissance

Randy
    $1200 8
Amanda Blake

Mary
    $1200 23
Amundsen

Randy
    $1600 29
the Kaaba

Mike
    $1600 21
a cat

Mary
    $1600 4
Florence

Mary
    $1600 16
Hellenistic

Mike
    $1600 9
Amanda Peet

Mary
    $1600 24
Mt. Erebus

Triple Stumper
    $2000 30
Hajj

Mike
    $2000 22
Hamilton (Fish)

Mary
    $2000 5
Bernini

Triple Stumper
    $2,000 17
comparative

Mike
    $2000 10
Amanda Bynes

Triple Stumper
    $2000 25
March

Mike

Scores at the end of the Double Jeopardy! Round:

Mike Mary Randy
$17,400 $10,000 $13,000

[wagering suggestions for these scores]

Final Jeopardy! Round responses

BALLET
MaryWho is Icarus?
$9,000
RandyWho is Icarus?
$4,400
MikeWho is Icarus?
$8,601
Icarus

Final scores:

Mike Mary Randy
$26,001 $19,000 $17,400
2-day champion: $42,402 2nd place: $2,000 3rd place: $1,000

Game dynamics:

Coryat scores:

Mike Mary Randy
$21,000 $10,000 $10,800
27 R
(including 1 DD),
2 W
(including 1 DD)
8 R,
0 W
17 R
(including 1 DD),
2 W

Combined Coryat: $41,800

The J! Archive is created by fans, for fans. The Jeopardy! game show and all elements thereof, including but not limited to copyright and trademark thereto, are the property of Jeopardy Productions, Inc. and are protected under law. This website is not affiliated with, sponsored by, or operated by Jeopardy Productions, Inc. Join the discussion at JBoard.tv.